Gyaurov farmerben Hazaérkezett Amerikából Gregor József /
Elmentve itt :
| Szerző: | |
|---|---|
| Dokumentumtípus: | Cikk |
| Megjelent: |
1986-10-30
|
| Sorozat: | Délmagyarország
76 No. 256 |
| Kulcsszavak: | Gregor József |
| Online Access: | http://dmarchiv.bibl.u-szeged.hu/94231 |
| LEADER | 00491nab a2200157 i 4500 | ||
|---|---|---|---|
| 001 | delm94231 | ||
| 005 | 20190911093122.0 | ||
| 008 | 190911s1986 hu o 0|| hun d | ||
| 040 | |a SZTE Délmagyarország Archívum |b hun | ||
| 041 | |a hun | ||
| 100 | 1 | |a Nikolényi István | |
| 245 | 1 | 0 | |a Gyaurov farmerben |h [elektronikus dokumentum] : |b Hazaérkezett Amerikából Gregor József / |c Nikolényi István |
| 260 | |c 1986-10-30 | ||
| 300 | |a 5 | ||
| 490 | 0 | |a Délmagyarország |v 76 No. 256 | |
| 695 | |a Gregor József | ||